02466cam a22003855i 4500999001700000001000900017003000900026005001700035008004100052020002500093040003800118082002200156100003500178245015300213264008200366300004600448336002600494337002800520338002700548504005100575520094500626650004801571650002201619650001901641653002701660655001701687700003001704700003601734700003301770700003801803700003501841700004401876942001201920952014801932 c27802d2777317333828EG-ScBUE20191209100030.0120606s2013 enka f b 001 0 eng d a9781444332797 (pbk.) aDLCbengerdacDLCdDLCdEG-ScBUE04a404.2019bGRO2221 aGrosjean, François,eauthor.14aThe psycholinguistics of bilingualism /cFrançois Grosjean, Ping Li, primary authors ; with contributions from Ellen Bialystok [and four others]. 1aWest Sussex, UK. :bWiley-Blackwell / John Wiley and Sons Publication,c2013. aviii, 248 pages :billustrations ;c25 cm atextbtxt2rdacontent aunmediatedbn2rdamedia avolumebnc2rdacarrier aIncludes bibliographical references and index. a"The psycholinguistics of bilingualism is an essential work for those seeking insights into the bilingual mind and our current knowledge of the cognitive basis of billingualism. Written by two leading researchers in the field with contributions from internationally renowned scholars, this textbook offers a comprehensive introduction to bilingual language procesisng, language acquisition, cognition and memory, and the bilingualism. Students are introduced to various approaches currently employed in the study of the psycholinguistics of bilingualism, including observation, experimentation, verbal and computational modeling, and brain imaging. Each chapter concludes with research quetions and further reading suggestions. This textbook offers an overview from a unique vantage point, and summing up the issues in subfields of bilingualism research, is sure to inspire readers to keep pushing the discussion forward."--Page 4 of cover. 7aBilingualismxPsychological aspects.2BUEsh 7aCognition.2BUEsh 7aMemory.2BUEsh bHHUUEENNcNovember2019 vReading book1 aLi, Ping,d1962-eauthor.1 aBialystok, Ellen,econtributor.1 aBarac, Raluca,econtributor.1 aGroot, A. M. B. de,econtributor.1 aManchón, Rosa,econtributor.1 aYip, Virginia,‏ d1962-econtributor. 2ddccBB 00102ddc40708BaccahaMAINbMAINc2NDd2019-11-21ePurchaseg250.00l0o404.2019 GROp000048284r2025-07-15 00:00:00v312.50w2019-11-21yBB